|
|
|
|
| LEADER |
00000nam2a2200000 4500 |
| 001 |
353124 |
| 005 |
20231101041135.0 |
| 035 |
|
|
|a (RuTPU)RU\TPU\retro\10177
|
| 035 |
|
|
|a RU\TPU\retro\10169
|
| 090 |
|
|
|a 353124
|
| 100 |
|
|
|a 20200310d1958 k y0rusy50 ca
|
| 101 |
0 |
|
|a rus
|a eng
|
| 102 |
|
|
|a RU
|
| 200 |
0 |
|
|a Прочность материалов и конструкций
|e [сборник]
|f под ред. В. С. Смирнова
|v № 197
|
| 210 |
|
|
|a Ленинград
|a Москва
|c Машгиз
|d 1958
|
| 215 |
|
|
|a 140 стр.
|
| 461 |
|
1 |
|0 (RuTPU)RU\TPU\retro\9721
|t Труды Ленинградского политехнического института имени М. И. Калинина
|o [сборник]
|f Ленинградский политехнический институт им. М. И. Калинина (ЛПИ)
|v № 197: Прочность материалов и конструкций
|d 1941-
|
| 610 |
1 |
|
|a изгиб
|
| 610 |
1 |
|
|a кручение
|
| 610 |
1 |
|
|a стержни
|
| 610 |
1 |
|
|a пластины
|
| 610 |
1 |
|
|a оболочки
|
| 610 |
1 |
|
|a решение задач
|
| 610 |
1 |
|
|a конструирование
|
| 610 |
1 |
|
|a усталость
|
| 610 |
1 |
|
|a разрушения
|
| 610 |
1 |
|
|a прочность
|
| 610 |
1 |
|
|a напряженные состояния
|
| 610 |
1 |
|
|a гидротехнические сооружения
|
| 610 |
1 |
|
|a гидростатическое давление
|
| 610 |
1 |
|
|a песчанные грунты
|
| 610 |
1 |
|
|a пружинные бронзы
|
| 610 |
1 |
|
|a термическая обработка
|
| 801 |
|
1 |
|a RU
|b 63413507
|c 20160623
|
| 801 |
|
2 |
|a RU
|b 63413507
|c 20200208
|g RCR
|
| 801 |
|
2 |
|a RU
|b 63413507
|c 20200603
|g RCR
|
| 942 |
|
|
|c BK
|